Thơ ca dân gian Người Dao Tuyển : Song ngữ Việt - Dao
Nội dung sách gồm 3 phần: Thơ ca dân gian người Dao-Tuyển; thơ ca dân gian người Dao tuyển (tiếng việt); thơ ca dân gian người Dao Tuyển (tiếng Dao)
Spremljeno u:
| Glavni autor: | |
|---|---|
| Format: | Knjiga |
| Jezik: | Undetermined |
| Izdano: |
Hà Nội
Thời Đại
2011
|
| Teme: | |
| Oznake: |
Dodaj oznaku
Bez oznaka, Budi prvi tko označuje ovaj zapis!
|
| Thư viện lưu trữ: | Trung tâm Học liệu Trường Đại học Cần Thơ |
|---|
| LEADER | 00900nam a2200217Ia 4500 | ||
|---|---|---|---|
| 001 | CTU_173579 | ||
| 008 | 210402s9999 xx 000 0 und d | ||
| 082 | |a 895.9221008 | ||
| 082 | |b S464 | ||
| 100 | |a Trần, Hữu Sơn | ||
| 245 | 0 | |a Thơ ca dân gian Người Dao Tuyển : | |
| 245 | 0 | |b Song ngữ Việt - Dao | |
| 245 | 0 | |c Trần Hữu Sơn (chủ biên) | |
| 260 | |a Hà Nội | ||
| 260 | |b Thời Đại | ||
| 260 | |c 2011 | ||
| 520 | |a Nội dung sách gồm 3 phần: Thơ ca dân gian người Dao-Tuyển; thơ ca dân gian người Dao tuyển (tiếng việt); thơ ca dân gian người Dao Tuyển (tiếng Dao) | ||
| 650 | |a Vietnamese poetry,Thơ Việt Nam | ||
| 650 | |x History and criticism,Lịch sử và phê bình | ||
| 904 | |i Tuyến | ||
| 980 | |a Trung tâm Học liệu Trường Đại học Cần Thơ | ||